Normal view
MARC view
- Jofré i Fradera, Josep,
Entry Nombre Personal
001 - NUMERO DE CONTROL
- campo de control: 34453
003 - IDENTIFICADOR DE NUMERO DE CONTROL
- campo de control: UPN
005 - FECHA Y HORA DE LA ÜLTIMA TRANSACCIÓN
- campo de control: 20210219194453.0
008 - DATOS DE LONGITUD FIJA
- campo de control de longitud fija: nabaccnnaabn|||||||||| b |nc|||||d
035 ## - NUMERO DE CONTROL
- Número de control: UPN11000006560
040 ## - FUENTE DE CATALOGACIÓN
- Lenguaje de catalogación: SPA
- Agencia de transcripción: UPN
100 1# - ENCABEZAMIENTO - NOMBRE PERSONAL
- Nombre personal: Jofré i Fradera, Josep,
- Fechas asociadas con el nombre: 1962-
670 ## - FUENTE EN LA QUE SE LOCALIZARON DATOS
- Cita de la fuente: T
- Información localizada: El lenguaje musical
680 ## - NOTA PUBLICA DE ACCESO PÚBLICO
- Frase explicativa de la referencia: Profesor de música y conferencista español
902 ## - CATALOGADOR
- Catalogador: MITM/251113
